Thermodynamics (Record no. 5996)

000 -LEADER
fixed length control field 00510nam a2200205 i 4500
001 - CONTROL NUMBER
control field 5996
003 - CONTROL NUMBER IDENTIFIER
control field BD-DhUET
008 - FIXED-LENGTH DATA ELEMENTS--GENERAL INFORMATION
fixed length control field 770308s1978 nyua b 001 0 eng
020 ## - INTERNATIONAL STANDARD BOOK NUMBER
International Standard Book Number 0029789109
040 ## - CATALOGING SOURCE
Original cataloging agency DLC
Transcribing agency DLC
Modifying agency BD-DhUET
082 00 - DEWEY DECIMAL CLASSIFICATION NUMBER
Classification number 621.01
Item number FAI/1970
100 ## - MAIN ENTRY--PERSONAL NAME
Personal name Faires, Virgil Moring
245 10 - TITLE STATEMENT
Title Thermodynamics
250 ## - EDITION STATEMENT
Edition statement 6th ed.
260 ## - PUBLICATION, DISTRIBUTION, ETC. (IMPRINT)
Place of publication, distribution, etc. New York
Name of publisher, distributor, etc. Macmillan
Date of publication, distribution, etc. 1978
300 ## - PHYSICAL DESCRIPTION
Extent xxiii, 647 p.
Other physical details ill.
Dimensions 26 cm.
650 #0 - SUBJECT ADDED ENTRY--TOPICAL TERM
Topical term or geographic name as entry element Thermodynamics
700 ## - ADDED ENTRY--PERSONAL NAME
Personal name Simmang, Clifford M.
942 ## - ADDED ENTRY ELEMENTS (KOHA)
Koha item type General Book
Holdings
Lost status Price effective from Date acquired Koha item type Withdrawn status Copy number Source of classification or shelving scheme Location (home branch) Koha date last seen Sublocation or collection (holding branch) Koha full call number Koha normalized classification for sorting Not for loan Piece designation (barcode) Shelving location Damaged status
 2014-11-292014-11-29General Book 2 Central Library, BUET2014-11-29Central Library, BUET621.01/FAI/1978621_010000000000000_FAI_1978 37055Circulation section 
 2014-11-292014-11-29General Book 3 Central Library, BUET2014-11-29Central Library, BUET621.01FAI/1978621_000000000000000_01FAI1978 53629Circulation section 
 2015-06-142015-06-14General Book 3 Central Library, BUET2015-06-14Central Library, BUET621.01/FAI/1970621_010000000000000_FAI_1970 55395Reading section 
 2015-06-162015-06-16General Book 4 Central Library, BUET2015-06-16Central Library, BUET621.01/FAI/1970621_010000000000000_FAI_1970 42942Reading section 
 2015-06-292015-06-29Reading Item 5 Central Library, BUET2015-06-29Central Library, BUET621.01/FAI/1970621_010000000000000_FAI_1970 50946Reading section